000 00521nam a22001937a 4500
001 85076
003 BD-RjUL
005 20250626154328.0
008 250626s1962 pk ||||| |||| 00| 0 urd d
035 _a(BD-RjUL) 85076
040 _aBD-RjUL
_beng
_cBD-RjUL
041 _aeng
082 _223
_a891.4391
_bADK 1962
245 _aخم ابرو ;; khim i Abru /
_cعدم ;; Adam
260 _aLahore :
_bشعاع ادب ,
_c1962
300 _a152 p. ;
_c18 cm
650 _aUrdu poetry
_vSymbolism
_915813
942 _2ddc
_cBK
999 _c85076
_d85076